ბათუმის შოთა რუსთაველის სახელმწიფო უნივერსიტეტის ბიბლიოთეკა

Deutsche Literaturgeschichte : (ბიბ.ჩანაწერი № 63333)

000 -LEADER
fixed length control field 00686nam a22001937a 4500
005 - DATE AND TIME OF LATEST TRANSACTION
control field 20250918162409.0
008 - FIXED-LENGTH DATA ELEMENTS--GENERAL INFORMATION
fixed length control field 250918s2008 gw ||||| |||| 00| 0 goh d
020 ## - INTERNATIONAL STANDARD BOOK NUMBER
International Standard Book Number 9783423033435x
041 ## - LANGUAGE CODE
Language code of text/sound track or separate title goh
080 ## - UNIVERSAL DECIMAL CLASSIFICATION NUMBER
Universal Decimal Classification number 821.112.09 B-78
100 ## - MAIN ENTRY--PERSONAL NAME
Personal name Borries, Erika.
9 (RLIN) 25836
245 ## - TITLE STATEMENT
Title Deutsche Literaturgeschichte :
Remainder of title Band 3 /
Statement of responsibility, etc. Ernst von Borries, Erika von Borries.
264 ## - PRODUCTION, PUBLICATION, DISTRIBUTION, MANUFACTURE, AND COPYRIGHT NOTICE
Place of production, publication, distribution, manufacture München:
Name of producer, publisher, distributor, manufacturer Deutscher Taschenbuch Verlag,
Date of production, publication, distribution, manufacture, or copyright notice 2008.
300 ## - PHYSICAL DESCRIPTION
Extent 317 p.
Other physical details 20 cm.
653 ## - INDEX TERM--UNCONTROLLED
keyword გერმანული ლიტერატურის ისტორია
653 ## - INDEX TERM--UNCONTROLLED
keyword კლასიკა
700 ## - ADDED ENTRY--PERSONAL NAME
Personal name Borries, Ernst
Relator term ავტორი
9 (RLIN) 25837
942 ## - ADDED ENTRY ELEMENTS (KOHA)
Source of classification or shelving scheme
Koha item type წიგნი
ეგზემპლარები
Withdrawn status Lost status Source of classification or shelving scheme Damaged status Not for loan Permanent Location Current Location Shelving location Date acquired Cost, normal purchase price Full call number Barcode Date last seen Copy number Price effective from Koha item type Public note
          ბათუმის შოთა რუსთაველის სახელმწიფო უნივერსიტეტის მთავარი ბიბლიოთეკა ბათუმის შოთა რუსთაველის სახელმწიფო უნივერსიტეტის მთავარი ბიბლიოთეკა წიგნსაცავი 2025-09-18 111.00 821.112.09 B-78 72361 2025-09-18 72361 2025-09-18 წიგნი 111 ლ.
          ბათუმის შოთა რუსთაველის სახელმწიფო უნივერსიტეტის მთავარი ბიბლიოთეკა ბათუმის შოთა რუსთაველის სახელმწიფო უნივერსიტეტის მთავარი ბიბლიოთეკა წიგნსაცავი 2025-09-18 111.00 821.112.09 B-78 72360 2025-09-18 72360 2025-09-18 წიგნი 111 ლ.